000 01479nam a2200361Ia 4500
001 ebr10245914
003 CaPaEBR
006 m u
007 cr cn|||||||||
008 080602s2008 ne ab sb 001 0 eng d
010 _z 2008927512
020 _z9781402085543
020 _z1402085540
040 _aCaPaEBR
_cCaPaEBR
035 _a(OCoLC)272308185
050 1 4 _aQH541.5.L3
_b.L225 2008eb
245 0 0 _aLake Taihu, China
_h[electronic resource] :
_bdynamics and environmental change /
_cedited by Boqiang Qin.
260 _aDordrecht ;
_aLondon :
_bSpringer,
_c2008.
300 _axiii, 339 p. :
_bill., map.
490 1 _aMonographiae biologicae ;
_vv. 87
504 _aIncludes bibliographical references and index.
533 _aElectronic reproduction.
_bPalo Alto, Calif. :
_cebrary,
_d2009.
_nAvailable via World Wide Web.
_nAccess may be limited to ebrary affiliated libraries.
650 0 _aLake ecology
_zChina
_zTai Lake.
650 0 _aWater levels
_zChina
_zTai Lake.
650 0 _aEutrophication
_zChina
_zTai Lake.
650 0 _aPlants
_xEffect of water levels on
_zChina
_zTai Lake.
650 0 _aFreshwater animals
_xEffect of water levels on
_zChina
_zTai Lake.
655 7 _aElectronic books.
_2local
700 1 _aQin, Boqiang.
710 2 _aebrary, Inc.
830 0 _aMonographiae biologicae ;
_vv. 87.
856 4 0 _uhttp://site.ebrary.com/lib/rucke/Doc?id=10245914
_zAn electronic book accessible through the World Wide Web; click to view
999 _c150302
_d150302